00558nam a22001697a 450000500170000001000120001702000260002903500130005503700210006808200100008910000190009924501030011826000350022127000680025630000270032450000370035120140617121009.0 aB505400 a9781846144783c699.00 aB-505400 adplbK.K.Pub/Ven a950.3 aMishra, Pankaj aFrom the Ruins of Empire:bthe revolt against the west and the remaking of asia/cby Pankaj Mishra aNew DelhibPenguin Booksc2012 a11 Community Centre, Panchsheel ParkbNew Delhie110017 (India) a356p.:bill.c22cm(Hb) aIncludes Bibliographic and index